აუდიტი და მარწმუნებელი მომსახურება ACCA : (ბიბ.ჩანაწერი № 62076)
[ მარტივი ფორმატი ]
| 000 -ლიდერი | |
|---|---|
| ფიქსირებული სიგრძის საკონტროლო ველი | 02578nam a22002537a 4500 |
| 003 - საკონტროლო ნომრის იდენტიფიკატორი | |
| საკონტროლო ველი | Ge_BSU |
| 005 - ბოლო ოპერაციის თარიღი და დრო | |
| საკონტროლო ველი | 20240731121651.0 |
| 008 - ფიქსირებული სიგრძის მონაცემთა ელემენტები - ზოგადი ინფორმაცია | |
| ფიქსირებული სიგრძის საკონტროლო ველი | 240703s2023 ge ||||| |||| 00| 0 geo d |
| 020 ## - წიგნის საერთაშორისო სტანდარტული ნომერი | |
| International Standard Book Number | 9781035500925 |
| 041 ## - ენის კოდი | |
| Language code of text/sound track or separate title | geo |
| 080 ## - უნივერსალური ათობითი კლასიფიკაციის ინდექსი | |
| Universal Decimal Classification number | 657.6 (075.8)ა-90 |
| 245 ## - ცნობა სათაურის შესახებ | |
| Title | აუდიტი და მარწმუნებელი მომსახურება ACCA : |
| Remainder of title | საერთაშორისო პროგრამა. (უმაღლესი დონე):სახელმძღვანელო / |
| Statement of responsibility, etc | რედ. თამარ ცუხიშვილი; მთარგმნ: ბაბი ალავერდაშვილი, ქართლოს ღვინიაშვილი, მაგდა კოჩაძე. |
| 250 ## - გამოცემის ცნობა | |
| Edition statement | მეოთხე გამოცემა. |
| 264 ## - წარმოების, გამოცემის, დისტრიბუციის და სხვა ცნობები | |
| გამოცემის, წარმოების, დისტრიბუციის... ადგილი | [თბილისი]: |
| გამოცემის, წარმოების, დისტრიბუციის... სახელწოდება | დანი, |
| გამოცემის, წარმოების, დისტრიბუციის... თარიღი | 2023. |
| 300 ## - ფიზიკური აღწერა | |
| Extent | 701 გვ.: |
| Other physical details | 28 სმ. |
| 500 ## - ზოგადი შენიშვნა | |
| General note | სახელმძღვანელო თარგმნილი და განახლებული რედაქციით გამოცემულია საქართველოს პროფესიონალ ბუღალტერთა და აუდიტორთა ფედერაციის (ბაფი) მიერ BPP Learning Media Lid-ის ნებართვით. ACCA-ის მიერ დამტკიცებული სასწავლო ლიტერატურის პროვაიდერი BPP. სახელმძღვანელო გათვალისწინებულია ბუღალტერთა და აუდიტორთა პროფესიული სერტიფიცირებისათვის. იგი ასევე გამოადგება ეკონომიკური პროფილის სტუდენტებს, მაგისტრებს, ასპირანტებსა და პრაქტიკის სპეციალისტებს |
| 653 ## - INDEX TERM--UNCONTROLLED | |
| Uncontrolled term | ბუღალტერია |
| 653 ## - INDEX TERM--UNCONTROLLED | |
| Uncontrolled term | აუდიტი. |
| 700 ## - ADDED ENTRY--PERSONAL NAME | |
| Personal name | ცუხიშვილი, თამარ |
| Relator term | რედაქტორი |
| 9 (RLIN) | 22698 |
| 700 ## - ADDED ENTRY--PERSONAL NAME | |
| Personal name | ალავერდაშვილი, ბაბი |
| Relator term | მთარგმნელი |
| 9 (RLIN) | 7241 |
| 700 ## - ADDED ENTRY--PERSONAL NAME | |
| Personal name | ღვინიაშვილი, ქართლოს |
| Relator term | მთარგმნელი |
| 9 (RLIN) | 22699 |
| 700 ## - ADDED ENTRY--PERSONAL NAME | |
| Personal name | კოჩაძე, მაგდა |
| Relator term | მთარგმნელი |
| 9 (RLIN) | 22700 |
| 942 ## - ADDED ENTRY ELEMENTS (KOHA) | |
| Source of classification or shelving scheme | |
| Koha item type | წიგნი |
| ჩამოწერის სტატუსი | დაკარგული ეგზემპლარის სტატუსი | კლასიფიკაციის წყარო ან თაროზე გაწყობის სქემა | დაზიანების სტატუსი | არ გაიცემა | მუდმივი მდებარეობა (დაცვის ადგილი) | ამჟამინდელი ადგილსამყოფელი | თაროზე განთავსების ადგილი | შეძენის თარიღი | ღირებულება, შესყიდვის ნორმალური ფასი | სრული შენახვის შიფრი | შტრიხკოდი | ბოლო ოპერაციის თარიღი | ეგზემპლარის მიმდევრობითი ნომერი (კეტერი?) | ფასის ძალაში შესვლის თარიღი | ეგზემპლარის სახეობა | საჯარო შენიშვნა |
|---|---|---|---|---|---|---|---|---|---|---|---|---|---|---|---|---|
| ბათუმის შოთა რუსთაველის სახელმწიფო უნივერსიტეტის მთავარი ბიბლიოთეკა | ბათუმის შოთა რუსთაველის სახელმწიფო უნივერსიტეტის მთავარი ბიბლიოთეკა | წიგნსაცავი | 2024-07-03 | 210.00 | 657.6 (075.8) ა-90 | 68427 | 2024-07-03 | 68427 | 2024-07-03 | წიგნი | 210.00 | |||||
| ბათუმის შოთა რუსთაველის სახელმწიფო უნივერსიტეტის მთავარი ბიბლიოთეკა | ბათუმის შოთა რუსთაველის სახელმწიფო უნივერსიტეტის მთავარი ბიბლიოთეკა | წიგნსაცავი | 2024-07-03 | 210.00 | 657.6 (075.8) ა-90 | 68428 | 2024-07-03 | 68428 | 2024-07-03 | წიგნი | 210.00 | |||||
| ბათუმის შოთა რუსთაველის სახელმწიფო უნივერსიტეტის მთავარი ბიბლიოთეკა | ბათუმის შოთა რუსთაველის სახელმწიფო უნივერსიტეტის მთავარი ბიბლიოთეკა | წიგნსაცავი | 2024-07-03 | 210.00 | 657.6 (075.8) ა-90 | 68429 | 2024-07-03 | 68429 | 2024-07-03 | წიგნი | 210.00 |
